000 00674nam a2200253Ia 4500
003 OSt
005 20220918105904.0
006 a|||||r|||| 00| 0
007 ta
008 220915b |||||||| |||| 00| 0 eng d
024 _a5891
037 _cReference Collections
040 _aARTS
_cARTS
_beng
041 _2eng
_aeng
082 _a2:8.3, K8 (RR)
100 _aStockham K A.
_94585
245 0 _aGovernment and control of libraries
250 _a2nd
260 _aLondon
_bAndre Deutsch
_c1968
300 _a108p
650 _aLIBRARY SCIENCE
942 _h2:8.3, K8 (RR)
_cREF
999 _c110038
_d110038